Представление документа в формате RUSMARC

ПолеНазваниеЗначение
  Тип записи a
  Библиографический уровень m
001 Контрольный номер 31a362e22fe54ca49a8a252652c7d8b1
005 Дата корректировки 20171117132713.5
010 Индекс ISBN __
a ISBN 978-5-394-01274-7
101 Язык документа 0_
a Язык текста rus
102 Страна публикации __
a Страна публикации RU
200 Заглавие и сведения об ответственности 1_
a Заглавие Сервисная деятельность
e Сведения, относящиеся к заглавию учебник
b Общее обозначение материала Текст
f Первые сведения об ответственности Ж. А. Романович, С. Л. Калачев
g Последующие сведения об ответственности под общ. ред. Ж. А. Романовича
205 Сведения об издании __
a Основные сведения об издании 6-е изд., перераб.. и доп.
210 Выходные данные 1_
a Место издания М.
d Дата издания 2017
c Издательство ИТК "Дашков и К"
215 Физическое описание __
a Объем 284 с.
1 с.
300 Общие примечания __
a Общие примечания гриф МО
320 Библиография __
a Библиография Лит. : с. 275-277
610 Ключевые слова 0_
a Ключевые слова учебник
610 Ключевые слова 0_
a Ключевые слова гриф МО
610 Ключевые слова 0_
a Ключевые слова сервис
610 Ключевые слова 0_
a Ключевые слова услуги
610 Ключевые слова 0_
a Ключевые слова сервисные услуги
610 Ключевые слова 0_
a Ключевые слова обслуживание потребителей
610 Ключевые слова 0_
a Ключевые слова непроизводственная сфера
a Ключевые слова высшее образование
686 Индексы других классификаций __
a Классификационный индекс 65.206я73
2 Код системы rubbk
686 Индексы других классификаций __
2 Код системы rubbk
700 Автор _1
a Фамилия Романович
b Имя Ж.А.
g Полное личное имя Жорж Александрович
701 Альтернативная интеллектуальная ответственность _1
a Фамилия Калачев
b Имя С.Л.
g Полное личное имя Сергей Львович
e Роль лиц Автор
4 Код отношения 070
702 Вторичная интеллектуальная ответственность _1
a Фамилия Романович
b Имя Ж.А.
g Полное личное имя Жорж Александрович
4 Код отношения 340
e Роль лиц Редактор
801 Источник записи _0
a Страна RU
b Организация РУК
c Дата составления 20171117
g Правила каталогизации PSBO
801 Источник записи _1
a Страна RU
b Организация РУК
g Правила каталогизации PSBO
852 Данные о местонахождении __
i Авторский знак Р 69
j Шифр хранения ББК 65.206
901 Тип документа __
t Тип документа m
912 Принадлежность преподавателя к РУК __
a Принадлежность преподавателя к РУК преподаватель Головного вуза
937 Технологическая информация __
a Создатель записи (имя) Мясникова Г.Ю.
938 Служебная информация __
a Название организации Головной вуз
952 Тип литературы __
b Гриф литературы для ВШ гриф МО
c Вид литературы учебник